Normal view MARC view
  • Southeast Asia

Entry Geographic Name

Number of records used in: 0

001 - CONTROL NUMBER

  • control field: 287146

003 - CONTROL NUMBER IDENTIFIER

  • control field: KE-NaSUL

005 - DATE AND TIME OF LATEST TRANSACTION

  • control field: 20250827093832.0

008 - FIXED-LENGTH DATA ELEMENTS

  • fixed length control field: 250827|| aca||aabn | a|a d

040 ## - CATALOGING SOURCE

  • Original cataloging agency: KE-NaSUL
  • Transcribing agency: KE-NaSUL

151 ## - HEADING--GEOGRAPHIC NAME

  • Geographic name: Southeast Asia
  • General subdivision: Foreign relations
  • Chronological subdivision: 20th century

670 ## - SOURCE DATA FOUND

  • Source citation: Work cat.: (KE-NaSUL)262913: Ciorciari, John D. (John David) 287144, The limits of alignment, c2010.

© Strathmore University Library
Madaraka Estate, Ole Sangale Road | P. O. Box 59857 - 00200 City Square, Nairobi, Kenya
(+254) (0)703 034 000/200/300 | (+254) (0)20-607498